Kniha nepokoja

Bibliographic Details
Main Author: Pessoa, Fernando, 1888-1935 (Author)
Other Authors: Halová, Lucia, 1979- (Translator, Compiler), Murtinheira, Alcides (Author of introduction, etc., Compiler), Kráľová, Barbora (Compiler)
Format: Book
Language:Slovak
Portuguese
Published: Bratislava Odeon Ikar, a.s. 2018
Subjects:

MARC

LEADER 00000cam a2200000 4500
001 vtls011831186
003 SK-MaSNL
005 20260301145423.0
008 210624s2018 xo g 000 ebslo
015 |a SNBA2019/02 
020 |a 9788055164243  |q (viazané) 
035 |a 87DFC9BF-CE6F-40A7-A407-16D849BAD57F 
035 |a urn:nbn:sk:snk-am3idzy 
035 |a urn:nbn:sk:snk-am00e6g6 
040 |a SNK  |b slo  |c SNK  |e rda 
041 1 |a slo  |h por 
043 |a e-po--- 
044 |a xo  |c SK 
072 7 |a 82  |x Literatúra. Literárny život  |2 konspekt 
072 7 |a 929  |x Biografie  |2 konspekt 
080 |a 82‑1  |2 2011 
080 |a (469)  |2 2011 
080 |a (0:82-322.6)  |2 2001 
100 1 |a Pessoa, Fernando,  |d 1888-1935  |4 aut  |9 114458 
240 1 0 |a Livro do Desassossego  |l Slovensky 
245 1 0 |a Kniha nepokoja  |c Fernando Pessoa ; z portugalského originálu Livro do Desassossego a s prihliadnutím k rozšírenému vydaniu ... preložila Lucia Halová ; predslov napísal Alcides Murtinheira ; výber zostavil Alcides Murtinheira, Lucia Halová a Barbora Kráľová 
264 1 |a Bratislava  |b Odeon  |b Ikar, a.s.  |c 2018 
300 |a 287 strán  |c 21 cm 
336 |a text  |b txt  |2 rdacontent 
337 |a bez média  |b n  |2 rdamedia 
338 |a zväzok  |b nc  |2 rdacarrier 
500 |a Obsahuje vysvetlivky a poznámky 
600 1 7 |a Pessoa, Fernando,  |d 1888-1935  |2 SNKMA  |9 114458 
648 7 |a 20. storočie  |2 SNKPH  |9 278343 
650 0 7 |a básnici  |2 SNKPH  |9 31099 
650 0 7 |a Poets  |2 SNKPHeng  |9 308391 
651 7 |a Portugalsko  |2 SNKPH  |9 56313 
651 7 |a Portugal  |2 SNKPHeng  |9 332470 
655 7 |a biografické prózy  |2 SNKPH  |9 70604 
655 7 |a Biographical prose  |2 SNKPHeng  |9 326888 
700 1 |a Halová, Lucia,  |d 1979-  |4 trl  |4 com  |9 105390 
700 1 |a Murtinheira, Alcides  |4 aui  |4 com  |9 505183 
700 1 |a Kráľová, Barbora  |4 com  |9 111756 
919 |a 978-80-551-6424-3 
958 |a LX 
958 |a UP 
958 |a BC 
968 |a SLO  |b POR 
999 |c 780121  |d 782051 
952 |a SNK  |b SNK  |y PREZ  |7 0  |p 17A1354116  |o snkSC 182797  |i snk2019/3381  |8 0  |0 0  |1 0  |4 0  |d 2019-02-05  |f 1  |l 0  |r 2026-02-24 01:02:12  |w 2026-02-24 
952 |a SNK  |b SNK  |y VYP  |7 0  |p 17A1354117  |o snkSC 182797 D1  |i snk2019/3382  |8 0  |0 0  |1 0  |4 0  |d 2019-02-05  |l 0  |r 2026-02-24 01:02:12  |w 2026-02-24